000 00810nam a22002537a 4500
005 20170123162304.0
010 _aB-306137
020 _c220.00
_a9788190646109
035 _aB-306137
037 _bCen Lib/Ret
040 _aDPL
_bUR
082 _aن
_bم ص ت
100 _aمصطفیٰ کریم
_9108814
245 _aراستہ بند ہے /
_cمصطفیٰ کریم
246 _aRasta band hai /
_bby Mustafa Kareem
260 _aدہلی
_bتخلیقکار پبلشرس
_c2008
270 _bدہلی
_e110092
_a104/B- یاور منزل ١ بلاک لکشمی نگر
300 _a246p.
_c21cm(Hb)
650 _aاردو ادب
_9108815
650 _aاردو ناول
_9547
650 _aUrdu literature
_9108816
650 _aUrdu novel
_9108817
942 _2ddc
_cUR
_hن
_mم ص ت
999 _c106191
_d106191